|
|
|
|
| LEADER |
03098nam a22004214a 4500 |
| 001 |
EBC3137184 |
| 003 |
MiAaPQ |
| 005 |
20200520144314.0 |
| 006 |
m o d | |
| 007 |
cr cn||||||||| |
| 008 |
050309s2005 hu a sb 001 0 eng |
| 010 |
|
|
|z 2005006451
|
| 020 |
|
|
|z 9637326103 (cloth)
|
| 020 |
|
|
|z 963732609X (pbk.)
|
| 035 |
|
|
|a (MiAaPQ)EBC3137184
|
| 035 |
|
|
|a (Au-PeEL)EBL3137184
|
| 035 |
|
|
|a (CaPaEBR)ebr10118484
|
| 035 |
|
|
|a (CaONFJC)MIL126861
|
| 035 |
|
|
|a (OCoLC)939263341
|
| 040 |
|
|
|a MiAaPQ
|c MiAaPQ
|d MiAaPQ
|
| 043 |
|
|
|a e-ur---
|
| 050 |
|
4 |
|a HD1993
|b .D76 2005
|
| 082 |
0 |
4 |
|a 338.1/947/0904
|2 22
|
| 100 |
1 |
|
|a Dronin, N. M.
|
| 245 |
1 |
0 |
|a Climate dependence and food problems in Russia, 1900-1990
|h [electronic resource] :
|b the interaction of climate and agricultural policy and their effect on food problems /
|c by Nikolai M. Dronin and Edward G. Bellinger.
|
| 260 |
|
|
|a Budapest ;
|a New York :
|b Central European University Press,
|c c2005.
|
| 300 |
|
|
|a xvii, 366 p. :
|b ill.
|
| 504 |
|
|
|a Includes bibliographical references (p. [345]-360) and index.
|
| 505 |
0 |
|
|a Introduction: climate and agriculture in Russia -- The availability and reliability of statistical agricultural data for Russia -- The pre-revolutionary period (before 1916) -- The post-revolutionary decade (1917-1928) -- The Stalin era (1929-1953) -- The post-Stalin period (after 1953) -- Summary -- The pre-revolutionary period (1900-1916) -- Major developments in agriculture -- Weather variations and agricultural production -- Food problems -- Summary -- The post-revolutionary period (1917-1928) -- Major developments in agriculture -- Weather variations and agricultural production -- Food problems -- Summary -- The collectivization of Soviet agriculture (1929-1940) -- Major developments in agriculture -- Weather variations and agricultural production -- Food problems -- Summary -- The post-war recovery period (1945-1954) -- Major developments in agriculture -- Weather variations and agricultural production -- Food problems -- Summary -- The virgin lands campaign (1955-1964) -- Major developments in agriculture -- Weather variations and agricultural production -- Food problems -- Summary -- The period of agricultural intensification (1965-1975) -- Major developments in agriculture -- Weather variations and agricultural production -- Food problems -- Summary -- The period of agricultural stagnation (1976-1990) -- Major developments in agriculture -- Weather variations and agricultural production -- Food problems -- Summary.
|
| 533 |
|
|
|a Electronic reproduction. Ann Arbor, MI : ProQuest, 2015. Available via World Wide Web. Access may be limited to ProQuest affiliated libraries.
|
| 650 |
|
0 |
|a Agriculture and state
|z Soviet Union.
|
| 650 |
|
0 |
|a Agriculture and state
|z Russia.
|
| 650 |
|
0 |
|a Crops and climate
|z Soviet Union.
|
| 650 |
|
0 |
|a Crops and climate
|z Russia.
|
| 655 |
|
4 |
|a Electronic books.
|
| 700 |
1 |
|
|a Bellinger, E. G.
|
| 710 |
2 |
|
|a ProQuest (Firm)
|
| 856 |
4 |
0 |
|u https://ebookcentral.proquest.com/lib/matrademy/detail.action?docID=3137184
|z Click to View
|